Historia prehipánica de la Huaxteca /
Investigación del desarrollo de las culturas prehispánicas de la región Huasteca de la zona golfo del país. Según su autor, esta es una de las regiones menos explorada en el desarrollo de la arqueología de México con respecto al periodo antiguo. El estudio abarca el desarrollo social y cultural de l...
Guardat en:
| Autor principal: | |
|---|---|
| Altres autors: | |
| Format: | Llibre |
| Idioma: | espanyol |
| Publicat: |
México :
UNAM, Instituto de Investigaciones Antropológicas,
1984, c1984
|
| Edició: | 2a edición |
| Col·lecció: | (Serie Antropológica. Etnohistoria ;
26) |
| Matèries: | |
| Etiquetes: |
Sense etiquetes, Sigues el primer a etiquetar aquest registre!
|
MARC
| LEADER | 00000nam^a2200000^a^4500 | ||
|---|---|---|---|
| 001 | 000356738 | ||
| 005 | 20250623000000.0 | ||
| 009 | 20260310115241.38 | ||
| 020 | |a 968-837-076-2 | ||
| 037 | |a Acervo ITESO - Biblioteca | ||
| 041 | |a ESP | ||
| 082 | |a 972. 6201 |b OCH | ||
| 100 | |a Ochoa, Lorenzo |e (autor) | ||
| 245 | 1 | 0 | |a Historia prehipánica de la Huaxteca / |c L. Ochoa ; presen. de I. Bernal. |
| 250 | |a 2a edición | ||
| 264 | 4 | |a México : |b UNAM, Instituto de Investigaciones Antropológicas, |c 1984, c1984 | |
| 300 | |a 178 p., 50 láminas, [3] mapas | ||
| 336 | |a texto |b txt |2 rdacontenido | ||
| 337 | |a sin mediación |b n |2 rdamedio | ||
| 338 | |a volumen |b nc |2 rdasoporte | ||
| 440 | 1 | |a (Serie Antropológica. |p Etnohistoria ; |v 26) | |
| 520 | |a Investigación del desarrollo de las culturas prehispánicas de la región Huasteca de la zona golfo del país. Según su autor, esta es una de las regiones menos explorada en el desarrollo de la arqueología de México con respecto al periodo antiguo. El estudio abarca el desarrollo social y cultural de los pobladores de la zona, desde los primeros asentamientos hasta la llegada de los españoles. | ||
| 561 | |a Ex libris de Federico H. Wagner | ||
| 649 | |a XX | ||
| 650 | |a Huastecos - |x Tema Principal | ||
| 650 | |a Mayas | ||
| 650 | |a Indígenas de México | ||
| 650 | |a Etnología - |z Tamaulipas | ||
| 650 | |a Etnología - |z Veracruz | ||
| 650 | |a Etnología - |z San Luis Potosí | ||
| 650 | |a Etnología - |z México | ||
| 650 | |a Arquitectura Prehispánica - |z Tamaulipas - |x Historia y Crítica | ||
| 650 | |a Arquitectura Prehispánica - |z Veracruz - |x Historia y Crítica | ||
| 650 | |a Arquitectura Prehispánica - |z San Luis Potosí - |x Historia y Crítica | ||
| 650 | |a Arquitectura Prehispánica - |z México | ||
| 650 | |a Arqueología - |z Huasteca | ||
| 650 | |a Arqueología - |z Tamaulipas | ||
| 650 | |a Arqueología - |z Veracruz | ||
| 650 | |a Arqueología - |z San Luis Potosí | ||
| 650 | |a Arqueología - |z México | ||
| 650 | |a Huasteca - |x Historia - |y Epoca Prehispánica - |x Tema Principal | ||
| 650 | |a Tamaulipas - |x Historia - |y Epoca Prehispánica | ||
| 650 | |a Veracruz - |x Historia - |y Epoca Prehispánica | ||
| 650 | |a San Luis Potosí - |x Historia - |y Epoca Prehispánica | ||
| 650 | |a México - |x Historia - |y Epoca Prehispánica - |x Tema Principal | ||
| 700 | |a Bernal, Ignacio |e (presentación) | ||
| 910 | |a Fondo General | ||
| 920 | |a Impresos - Libros | ||
| 930 | |a Colección General | ||
| 905 | |a 101 | ||
| 901 | |a 0500249466 |b IT1 |c ACC |d DT |i D71081 |u 20250623 | ||
| 902 | |a https://opac.biblio.iteso.mx/vufind/Record/000356738 | ||